000 00728nam a2200253Ia 4500
003 GCL
008 140319s9999 xx 000 0 ara d
040 _aGCL /
_cGCL
082 0 4 _aق
_b962.32
_bد ت
100 1 _aمحمد مجدى
245 1 0 _a"ثمانية عشر يوما"" بصعيد مصر" /
_cمحمد مجدى
260 _a[S.N] :
_bدار الكتب المصرية
300 _a272 ص
490 _a
650 0 4 _aمصر
650 0 4 _aتاريخ
650 0 4 _aمصر القديمة
650 0 4 _aالحضارة الفرعونية
650 0 4 _aالاثار الاسلامية
650 0 4 _aالاثار الفرعونية
650 0 4 _aالمعابد
650 0 4 _aالاهرام
942 _2ddc
_cBK
999 _c58822
_d58822